| 000 | 00572nam a2200229Ia 4500 | ||
|---|---|---|---|
| 003 | OSt | ||
| 005 | 20250623154844.0 | ||
| 008 | 230125s9999 xx 000 0 und d | ||
| 020 | _a978-93-5032-143-0 | ||
| 041 | _aeng | ||
| 082 |
_a658.018 _bSIN |
||
| 100 |
_aSing M _9117397 |
||
| 245 | _aEncyclopaedia Of E - Research Methodology Vol - 3 | ||
| 260 |
_c2017 _bShree Niwas Publication _aJaipur |
||
| 300 | _a480p | ||
| 440 | _v4 | ||
| 500 | _aResearch methodology; | ||
| 650 | _aResearch Methodology | ||
| 700 |
_aSing M _9117397 |
||
| 906 | _b27 | ||
| 942 | _cRF | ||
| 999 |
_c367055 _d367055 |
||